[Event "Aragon-chT Preferente A"]
[Site "Aragon"]
[Date "2017.01.28"]
[Round "1.40"]
[White "Sanchez Moreno, Jose Carlos"]
[Black "Palacian Campodarve, Javier"]
[Result "0-1"]
[WhiteElo "1797"]
[BlackElo "1718"]
[PlyCount "72"]
[EventDate "2017.01.28"]
[EventType "team-tourn"]
[EventRounds "9"]
[EventCountry "ESP"]
[SourceTitle "EXT 2018"]
[Source "ChessBase"]
[SourceDate "2017.10.13"]
[SourceVersion "1"]
[SourceVersionDate "2017.10.13"]
[SourceQuality "1"]
[WhiteTeam "Agrupacion III"]
[BlackTeam "La Aurora Estadilla II"]
[WhiteTeamCountry "ESP"]
[BlackTeamCountry "ESP"]

1. Nf3 d5 2. b3 c5 3. Bb2 Nc6 4. e3 Nf6 5. d4 cxd4 6. exd4 Bg4 7. Nbd2 e6 8. Bd3 Be7 9. Nf1 Qb6 10. Ng3 0-0 11. h3 Bxf3 12. gxf3 Bd6 13. Rg1 Rfe8 14. Qd2 Qc7 15. Nh5 Nxh5 16. Qg5 Nb4 17. Qxh5 Nxd3+ 18. cxd3 Qc2 19. Bc1 Bb4+ 20. Kf1 Qxd3+ 21. Kg2 Bc3 22. Kh1 Bxd4 23. Bf4 Bxa1 24. Rxa1 Rec8 25. Rg1 Qf5 26. Qh4 Rc2 27. Rg5 Qf6 28. Qg3 Re2 29. Rg4 Rc8 30. Bg5 Qa1+ 31. Kh2 g6 32. Qf4 Qe5 33. Qxe5 Rxe5 34. Ra4 a6 35. Rb4 b5 36. a4 Rxg5 0-1

[Event "Zaragoza Verano op A 1st"]
[Site "Zaragoza"]
[Date "2015.08.01"]
[Round "4.3"]
[White "Sanchez Moreno, Jose Carlos"]
[Black "Villar Reymundo, Juan Antonio"]
[Result "0-1"]
[WhiteElo "1877"]
[BlackElo "1968"]
[PlyCount "76"]
[EventDate "2015.07.31"]
[EventType "swiss"]
[EventRounds "9"]
[EventCountry "ESP"]
[SourceTitle "EXT 2024"]
[Source "ChessBase"]
[SourceDate "2023.10.10"]
[SourceVersion "1"]
[SourceVersionDate "2023.10.10"]
[SourceQuality "1"]

1. d4 Nf6 2. Nf3 c5 3. c4 g6 4. Nc3 Bg7 5. d5 d6 6. e4 0-0 7. h3 b5 8. cxb5 a6 9. b6 Qxb6 10. Be2 Bd7 11. a4 e6 12. 0-0 exd5 13. exd5 Bc8 14. Nd2 Nbd7 15. Nc4 Qc7 16. Bf4 Ne8 17. Ne4 Ne5 18. Bxe5 dxe5 19. d6 Qa7 20. a5 Be6 21. Nb6 Rd8 22. Bc4 Bf5 23. Ng5 Nxd6 24. Bd5 e4 25. Qa4 Qe7 26. Rfe1 Qxg5 27. Ra3 Bd4 28. b4 Qd2 29. Rd1 Qxb4 30. g4 Qxa4 31. Rxa4 Bd7 32. Ra3 Bb5 33. h4 Kg7 34. h5 f6 35. h6+ Kxh6 36. Kg2 Bd3 37. Rh1+ Kg7 38. g5 Nf5 0-1

[Event "Zaragoza Verano op A 1st"]
[Site "Zaragoza"]
[Date "2015.07.31"]
[Round "1.2"]
[White "Fernandez Rivera, Igor"]
[Black "Sanchez Moreno, Jose Carlos"]
[Result "0-1"]
[WhiteElo "1856"]
[BlackElo "1877"]
[PlyCount "78"]
[EventDate "2015.07.31"]
[EventType "swiss"]
[EventRounds "9"]
[EventCountry "ESP"]
[SourceTitle "EXT 2024"]
[Source "ChessBase"]
[SourceDate "2023.10.10"]
[SourceVersion "1"]
[SourceVersionDate "2023.10.10"]
[SourceQuality "1"]

1. e4 c5 2. d4 cxd4 3. c3 dxc3 4. Nxc3 Nc6 5. Bc4 e6 6. Nf3 a6 7. 0-0 Nge7 8. Bg5 Qa5 9. Re1 Ng6 10. a3 h6 11. b4 Qc7 12. Nd5 exd5 13. exd5+ Nce5 14. Nxe5 Nxe5 15. f4 hxg5 16. Rxe5+ Kd8 17. Rc1 Bd6 18. Be2 Qb6+ 19. Kh1 Bxe5 20. fxe5 Qe3 21. d6 Qxe5 22. h3 Rh6 23. Rc5 Qxd6 24. Qc1 f6 25. Bf3 Qf4 26. Qd1 d6 27. Qd5 Ke7 28. Rc7+ Bd7 29. Qxb7 Rd8 30. Bc6 Qf5 31. Qxa6 g4 32. Qe2+ Kf8 33. Bxd7 Qb1+ 34. Kh2 gxh3 35. gxh3 Rg6 36. Bg4 Re8 37. Qc4 Qb2+ 38. Kg3 Re3+ 39. Kh4 Qf2+ 0-1

[Event "Zaragoza Artistica op"]
[Site "Zaragoza"]
[Date "2013.05.11"]
[Round "7"]
[White "Sanchez Moreno, Jose Carlos"]
[Black "Naya Sancho, Jose Ignacio"]
[Result "0-1"]
[WhiteElo "1978"]
[BlackElo "2144"]
[PlyCount "66"]
[EventDate "2013.04.13"]
[EventType "swiss"]
[EventRounds "9"]
[EventCountry "ESP"]
[SourceTitle "CBM 154 Extra"]
[Source "ChessBase"]
[SourceDate "2013.06.25"]
[SourceVersion "2"]
[SourceVersionDate "2013.06.25"]
[SourceQuality "1"]

1. c4 c6 2. d4 d5 3. Nc3 Nf6 4. g3 a6 5. c5 Nbd7 6. Bf4 Nh5 7. Nf3 Nxf4 8. gxf4 g6 9. e4 dxe4 10. Ng5 Bg7 11. Bc4 0-0 12. Ncxe4 Nf6 13. Qb3 Nxe4 14. Bxf7+ Kh8 15. Nxe4 Qxd4 16. Ng5 Qxf4 17. Qg3 Rxf7 18. Nxf7+ Qxf7 19. Rd1 Be6 20. 0-0 Rf8 21. b3 Bd5 22. f3 Bh6 23. Qe5+ Kg8 24. Rde1 e6 25. Re2 Bf4 26. Qc3 Qf5 27. Rg2 Be5 28. Qd2 Qf6 29. Rg4 h5 30. Ra4 Bf4 31. Qd3 Qg5+ 32. Kh1 Be3 33. Qe2 Rxf3 0-1

[Event "Zaragoza Artistica op"]
[Site "Zaragoza"]
[Date "2013.04.28"]
[Round "6"]
[White "Abad Vinas, Jesus Manuel"]
[Black "Sanchez Moreno, Jose Carlos"]
[Result "0-1"]
[WhiteElo "1842"]
[BlackElo "1978"]
[PlyCount "38"]
[EventDate "2013.04.13"]
[EventType "swiss"]
[EventRounds "9"]
[EventCountry "ESP"]
[SourceTitle "CBM 154 Extra"]
[Source "ChessBase"]
[SourceDate "2013.06.25"]
[SourceVersion "2"]
[SourceVersionDate "2013.06.25"]
[SourceQuality "1"]

1. Nf3 f5 2. g3 b6 3. Bg2 Bb7 4. d3 Nf6 5. 0-0 d6 6. e4 fxe4 7. Ng5 Nc6 8. Ne6 Qd7 9. Bh3 exd3 10. Nxg7+ Bxg7 11. Bxd7+ Kxd7 12. cxd3 Ne5 13. f4 Neg4 14. h3 h5 15. Nc3 h4 16. Ne4 Nxe4 17. Qxg4+ Kc6 18. Qxg7 Nxg3 19. Be3 Rag8 0-1

[Event "Zaragoza Artistica op"]
[Site "Zaragoza"]
[Date "2013.04.13"]
[Round "1"]
[White "Sanchez Moreno, Jose Carlos"]
[Black "Pintanel Torres, Manuel"]
[Result "1-0"]
[WhiteElo "1978"]
[BlackElo "1564"]
[PlyCount "33"]
[EventDate "2013.04.13"]
[EventType "swiss"]
[EventRounds "9"]
[EventCountry "ESP"]
[SourceTitle "CBM 154 Extra"]
[Source "ChessBase"]
[SourceDate "2013.06.25"]
[SourceVersion "2"]
[SourceVersionDate "2013.06.25"]
[SourceQuality "1"]

1. e4 e5 2. d4 exd4 3. Nf3 Nf6 4. Bc4 d5 5. exd5 Nxd5 6. 0-0 Bg4 7. Re1+ Be7 8. Qxd4 Be6 9. Bxd5 Qxd5 10. Qxg7 Rf8 11. Nc3 Qf5 12. Bh6 Nc6 13. Rad1 Bd6 14. Rxe6+ Kd7 15. Rexd6+ Ke7 16. Rxc6 Rg8 17. Nd5+ 1-0

[Event "Aragon-chT Honor Descenso"]
[Site "Aragon"]
[Date "2013.03.23"]
[Round "9.19"]
[White "Sanchez Moreno, Jose Carlos"]
[Black "Latorre Abad, Fernando"]
[Result "1-0"]
[WhiteElo "1978"]
[BlackElo "2099"]
[PlyCount "53"]
[EventDate "2013.01.26"]
[EventType "team-tourn"]
[EventRounds "11"]
[EventCountry "ESP"]
[SourceTitle "EXT 2014"]
[Source "ChessBase"]
[SourceDate "2013.11.20"]
[SourceVersion "1"]
[SourceVersionDate "2013.11.20"]
[SourceQuality "1"]
[WhiteTeam "Agrupacion II"]
[BlackTeam "Aragon ONCE"]
[WhiteTeamCountry "ESP"]
[BlackTeamCountry "ESP"]

1. d4 d6 2. e4 g6 3. Nf3 Bg7 4. Nc3 a6 5. Bf4 e6 6. Bd3 Ne7 7. Qd2 h6 8. 0-0-0 b5 9. e5 d5 10. g4 Nd7 11. h4 c5 12. dxc5 Nxc5 13. Bf1 b4 14. Qd4 bxc3 15. Qxc5 cxb2+ 16. Kb1 Bd7 17. Nd4 0-0 18. Nf3 Rc8 19. Qe3 Rxc2 20. Bd3 Rc3 21. Bxh6 Qb8 22. Rd2 Bxh6 23. Qxh6 Rc1+ 24. Rxc1 bxc1Q+ 25. Kxc1 Rc8+ 26. Kd1 Qb1+ 27. Ke2 1-0

[Event "Aragon-chT Honor Descenso"]
[Site "Aragon"]
[Date "2013.03.16"]
[Round "8.19"]
[White "Dimitrov Uzunov, Nedko"]
[Black "Sanchez Moreno, Jose Carlos"]
[Result "0-1"]
[WhiteElo "1896"]
[BlackElo "1978"]
[PlyCount "76"]
[EventDate "2013.01.26"]
[EventType "team-tourn"]
[EventRounds "11"]
[EventCountry "ESP"]
[SourceTitle "EXT 2014"]
[Source "ChessBase"]
[SourceDate "2013.11.20"]
[SourceVersion "1"]
[SourceVersionDate "2013.11.20"]
[SourceQuality "1"]
[WhiteTeam "IberCaja II"]
[BlackTeam "Agrupacion II"]
[WhiteTeamCountry "ESP"]
[BlackTeamCountry "ESP"]

1. d4 g6 2. Nf3 Bg7 3. c4 d6 4. Nc3 Nf6 5. Bf4 0-0 6. Qd2 Nc6 7. d5 Na5 8. e4 c5 9. h3 a6 10. Bd3 Rb8 11. 0-0 b5 12. cxb5 axb5 13. Bh6 b4 14. Ne2 e6 15. Bxg7 Kxg7 16. b3 exd5 17. exd5 Nxd5 18. Bxg6 fxg6 19. Qxd5 Bb7 20. Qd3 Bxf3 21. gxf3 Qf6 22. f4 Nc6 23. Rad1 Rbd8 24. Kh2 Ne7 25. Rg1 d5 26. Rg4 d4 27. Ng3 Kh8 28. Qc4 Rd5 29. Re1 Rfd8 30. Ne4 Qe6 31. Qd3 Rh5 32. Reg1 Qf5 33. Qf3 d3 34. Qe3 d2 35. Nxd2 Rd3 36. Qe2 Qd5 37. Ne4 Rhxh3+ 38. Kg2 Rh2+ 0-1

[Event "Aragon-chT Preferente"]
[Site "Spain"]
[Date "2010.02.06"]
[Round "3.59"]
[White "Buil Montanes, Carlos"]
[Black "Sanchez Moreno, Jose Carlos"]
[Result "0-1"]
[WhiteElo "1895"]
[BlackElo "2001"]
[PlyCount "106"]
[EventDate "2010.01.23"]
[EventType "team-swiss"]
[EventRounds "12"]
[EventCountry "ESP"]
[SourceTitle "EXT 2013"]
[Source "ChessBase"]
[SourceDate "2012.11.22"]
[SourceVersion "1"]
[SourceVersionDate "2012.11.22"]
[SourceQuality "1"]
[WhiteTeam "Caissa Hermanos Cortes II"]
[BlackTeam "Helios"]
[WhiteTeamCountry "ESP"]
[BlackTeamCountry "ESP"]

1. d4 Nf6 2. Nf3 g6 3. c4 c5 4. Nc3 cxd4 5. Nxd4 Bg7 6. e4 Nc6 7. Nc2 0-0 8. Be2 d6 9. 0-0 Be6 10. Bd2 Ne5 11. Ne3 Rc8 12. Qa4 a6 13. Rac1 Nfd7 14. Ncd5 Nc5 15. Qa5 Nc6 16. Qxd8 Rcxd8 17. f3 Bxb2 18. Rb1 Bg7 19. Bb4 Bxd5 20. Nxd5 e6 21. Nf4 Nd4 22. Bd1 b5 23. cxb5 axb5 24. Ne2 Nd3 25. h3 Rfe8 26. Nxd4 Bxd4+ 27. Kh2 d5 28. Ba5 Rb8 29. Be2 Nb2 30. Bb4 Nc4 31. Rfc1 Rec8 32. exd5 exd5 33. Bd3 Be5+ 34. Kg1 Bf4 35. Rc2 Re8 36. Re2 Bg3 37. Be1 Rxe2 38. Bxg3 Ree8 39. Bxb8 Rxb8 40. Kf2 Kf8 41. Rb4 Ke7 42. a4 Kd6 43. Rxb5 Rxb5 44. axb5 Kc5 45. Ke2 Kxb5 46. f4 Kb4 47. g4 Kc3 48. f5 Nb2 49. fxg6 fxg6 50. Bb1 d4 51. Kf3 d3 52. Bxd3 Nxd3 53. Ke4 Nf2+ 0-1

[Event "Andorra op 24th"]
[Site "Andorra"]
[Date "2006.07.15"]
[Round "8"]
[White "Sanchez Moreno, Jose Carlos"]
[Black "Reinaldo Castineira, Roi"]
[Result "0-1"]
[WhiteElo "2064"]
[BlackElo "2450"]
[PlyCount "104"]
[EventDate "2006.07.08"]
[EventType "swiss"]
[EventRounds "9"]
[EventCountry "AND"]
[SourceTitle "EXT 2022"]
[Source "ChessBase"]
[SourceDate "2021.10.06"]
[SourceVersion "1"]
[SourceVersionDate "2021.10.06"]
[SourceQuality "1"]

1. Nf3 d5 2. b3 c5 3. Bb2 Nc6 4. e3 Qc7 5. d4 Nf6 6. a3 cxd4 7. exd4 Bg4 8. Be2 Bxf3 9. Bxf3 e6 10. 0-0 Bd6 11. h3 0-0 12. c4 dxc4 13. bxc4 Rad8 14. Bxc6 bxc6 15. Nd2 c5 16. d5 Be7 17. dxe6 Qf4 18. Bxf6 Bxf6 19. Ra2 Bg5 20. e7 Bxe7 21. Qf3 Qd4 22. Rc2 Qd3 23. Qxd3 Rxd3 24. Re1 Bf6 25. Re3 Rfd8 26. Ne4 Rd1+ 27. Kh2 Be5+ 28. g3 Bd4 29. Ree2 Ra1 30. Rcd2 Rb8 31. Nd6 a6 32. Nf5 Bf6 33. Rd5 g6 34. Nd6 Bd4 35. Kg2 Rxa3 36. h4 h5 37. Ne4 Rc8 38. Ng5 Rc7 39. f4 Re3 40. Rxe3 Bxe3 41. Kf3 Bd4 42. f5 gxf5 43. Rxf5 a5 44. Ne4 a4 45. Nf6+ Kf8 46. Nxh5 a3 47. Nf4 a2 48. Ne6+ Ke7 49. Nxc7 a1Q 50. Nd5+ Ke6 51. Rf4 Qf1+ 52. Kg4 Qxc4 0-1

[Event "Andorra op 21st"]
[Site "Andorra"]
[Date "2003.07.12"]
[Round "8"]
[White "Charbonneau, Pascal"]
[Black "Sanchez Moreno, Jose Carlos"]
[Result "1-0"]
[WhiteElo "2440"]
[BlackElo "2020"]
[PlyCount "95"]
[EventDate "2003.07.05"]
[EventType "swiss"]
[EventRounds "9"]
[EventCountry "AND"]
[SourceTitle "CBM 095 Extra"]
[Source "ChessBase"]
[SourceDate "2003.09.04"]
[SourceVersion "1"]
[SourceVersionDate "2003.09.04"]
[SourceQuality "1"]

1. e4 c5 2. Nf3 d6 3. d4 cxd4 4. Nxd4 Nf6 5. Nc3 Nc6 6. Bg5 e6 7. Qd2 h6 8. Bxf6 gxf6 9. 0-0-0 a6 10. f4 Bd7 11. Be2 h5 12. Kb1 Qb6 13. Nb3 0-0-0 14. Rhf1 Kb8 15. Rf3 Bc8 16. Rh3 h4 17. Qe1 Be7 18. Bf3 Rde8 19. Rxh4 Rxh4 20. Qxh4 Qe3 21. Re1 Qb6 22. Qg3 Nd4 23. Qf2 e5 24. Nd5 Qa7 25. Nxd4 Bd8 26. Rd1 Be6 27. Qd2 exd4 28. Qxd4 Qxd4 29. Rxd4 f5 30. exf5 Bxf5 31. Kc1 Rh8 32. h3 Be6 33. Bg4 Bxg4 34. hxg4 Rh4 35. g5 Bxg5 36. g3 Rh1+ 37. Rd1 Rxd1+ 38. Kxd1 Bd8 39. Ke2 Kc8 40. Kd3 Kd7 41. Ke4 Kc6 42. g4 b5 43. Nb4+ Kb7 44. Kd5 a5 45. Nc6 Bc7 46. g5 Bb6 47. f5 Be3 48. Nd8+ 1-0

[Event "Andorra op 21st"]
[Site "Andorra"]
[Date "2003.07.07"]
[Round "3"]
[White "Sanchez Moreno, Jose Carlos"]
[Black "Wubben, Marcel"]
[Result "1-0"]
[WhiteElo "2020"]
[BlackElo "2200"]
[PlyCount "89"]
[EventDate "2003.07.05"]
[EventType "swiss"]
[EventRounds "9"]
[EventCountry "AND"]
[SourceTitle "CBM 095 Extra"]
[Source "ChessBase"]
[SourceDate "2003.09.04"]
[SourceVersion "1"]
[SourceVersionDate "2003.09.04"]
[SourceQuality "1"]

1. d4 Nf6 2. c4 g6 3. Nc3 Bg7 4. e4 d6 5. f4 0-0 6. Nf3 Na6 7. Be2 e5 8. 0-0 exd4 9. Nxd4 Re8 10. Bf3 c6 11. Re1 Qb6 12. Na4 Qd8 13. e5 dxe5 14. fxe5 Nd7 15. e6 Ne5 16. exf7+ Nxf7 17. Nxc6 Rxe1+ 18. Qxe1 bxc6 19. Bxc6 Rb8 20. Be3 Nb4 21. Rd1 Qe7 22. Bf4 Bd4+ 23. Kh1 Nxc6 24. Bxb8 Qxe1+ 25. Rxe1 Bd7 26. Bf4 Nfe5 27. Rd1 Nxc4 28. b3 Nb6 29. Nxb6 axb6 30. a4 Bf5 31. Rc1 Bc5 32. Rc3 Na5 33. Be3 Nb7 34. Bxc5 Nxc5 35. a5 Nxb3 36. Rxb3 bxa5 37. Ra3 Kg7 38. Kg1 Kf6 39. Rxa5 Kg5 40. Kf2 h5 41. Ke3 Kg4 42. Ra4+ Kg5 43. h4+ Kf6 44. Kf4 Bd3 45. Rd4 1-0

[Event "Aragon-chT"]
[Site "Aragon"]
[Date "2003.03.22"]
[Round "9"]
[White "Valles Mata, David"]
[Black "Sanchez Moreno, Jose Carlos"]
[Result "1/2-1/2"]
[WhiteElo "2097"]
[BlackElo "2028"]
[PlyCount "40"]
[EventDate "2003.02.??"]
[EventType "team"]
[EventRounds "9"]
[EventCountry "ESP"]
[SourceTitle "EXT 2004"]
[Source "ChessBase"]
[SourceDate "2003.11.25"]
[SourceVersion "1"]
[SourceVersionDate "2003.11.25"]
[SourceQuality "1"]

1. d4 Nf6 2. g3 g6 3. Bg2 Bg7 4. Nf3 0-0 5. 0-0 d6 6. a4 c5 7. dxc5 dxc5 8. Nc3 Nc6 9. Be3 Qa5 10. Bd2 Qc7 11. Bf4 e5 12. Bg5 Be6 13. Qc1 Nd5 14. Nb5 Qb6 15. e4 Nc7 16. Nc3 f6 17. Be3 Nd4 18. Nd2 Rad8 19. Kh1 Kh8 20. f4 exf4 1/2-1/2

[Event "Andorra op 19th"]
[Site "Andorra"]
[Date "2001.07.02"]
[Round "3"]
[White "Sanchez Moreno, Jose Carlos"]
[Black "Pogorelov, Ruslan"]
[Result "0-1"]
[WhiteElo "2125"]
[BlackElo "2399"]
[PlyCount "56"]
[EventDate "2001.06.30"]
[EventType "swiss"]
[EventRounds "9"]
[EventCountry "AND"]
[SourceTitle "CBM 083 Extra"]
[Source "ChessBase"]
[SourceDate "2001.09.11"]
[SourceVersion "1"]
[SourceVersionDate "2001.09.11"]
[SourceQuality "1"]

1. e4 c5 2. Nf3 Nc6 3. d4 cxd4 4. Nxd4 Qc7 5. Nc3 e6 6. Be2 a6 7. 0-0 Nf6 8. Kh1 Be7 9. f4 d6 10. Be3 0-0 11. Qe1 Nxd4 12. Bxd4 b5 13. Bf3 Bb7 14. a3 Nd7 15. Be3 Rac8 16. Rd1 Nb6 17. Bxb6 Qxb6 18. e5 dxe5 19. fxe5 b4 20. Ne4 Bxe4 21. Bxe4 bxa3 22. bxa3 g6 23. Rf3 Rc5 24. Rd7 Rxe5 25. Rxe7 Rxe4 26. Qf1 Qd6 27. Rexf7 Rxf7 28. Rxf7 Rd4 0-1